Business data processing systems / (Record no. 123124)
[ view plain ]
| 000 -LEADER | |
|---|---|
| fixed length control field | 00895cam5a220027700 4500 |
| 001 - CONTROL NUMBER | |
| control field | lce00230315 |
| 008 - FIXED-LENGTH DATA ELEMENTS--GENERAL INFORMATION | |
| fixed length control field | 770222s1977 cauak 001 0 eng |
| 010 ## - LIBRARY OF CONGRESS CONTROL NUMBER | |
| LC control number | 77002660 |
| 020 ## - INTERNATIONAL STANDARD BOOK NUMBER | |
| International Standard Book Number | 047165700X |
| 035 ## - SYSTEM CONTROL NUMBER | |
| System control number | (Sirsi) r87152 |
| 035 ## - SYSTEM CONTROL NUMBER | |
| System control number | (DLC) 77002660 |
| 035 ## - SYSTEM CONTROL NUMBER | |
| System control number | (UPRA)lce00230315 |
| 050 0# - LIBRARY OF CONGRESS CALL NUMBER | |
| Classification number | HF5548.2 |
| Item number | .O687 1977 |
| 082 ## - DEWEY DECIMAL CLASSIFICATION NUMBER | |
| Classification number | 658/.05 |
| 100 1# - MAIN ENTRY--PERSONAL NAME | |
| Personal name | Orilia, Lawrence. |
| Linkage | A43042.1 |
| 245 10 - TITLE STATEMENT | |
| Title | Business data processing systems / |
| Statement of responsibility, etc. | Lawrence S. Orilia, Nancy B. Stern, Robert A. Stern. |
| 250 ## - EDITION STATEMENT | |
| Edition statement | 2d ed. |
| 260 ## - PUBLICATION, DISTRIBUTION, ETC. | |
| Place of publication, distribution, etc. | Santa Barbara : |
| Name of publisher, distributor, etc. | Wiley, |
| Date of publication, distribution, etc. | c1977. |
| 500 ## - GENERAL NOTE | |
| General note | "A Wiley/Hamilton publication." |
| 500 ## - GENERAL NOTE | |
| General note | Includes index. |
| 650 #0 - SUBJECT ADDED ENTRY--TOPICAL TERM | |
| Topical term or geographic name entry element | Business -- Data processing. |
| General subdivision | Business -- Data processing. |
| Linkage | S778.1 |
| 700 1# - ADDED ENTRY--PERSONAL NAME | |
| Personal name | Stern, Nancy B. |
| Linkage | A43043.1 |
| 700 1# - ADDED ENTRY--PERSONAL NAME | |
| Personal name | Stern, Robert A. |
| Linkage | A43044.1 |
| 949 ## - LOCAL PROCESSING INFORMATION (OCLC) | |
| a | HF5548.2 |
| w | lcc |
| i | -121392 |
| m | MAIN |
| t | BOOK |
| l | ON-SHELF |
No items available.